<?xml version="1.0" encoding="UTF-8"?>
<marc:record xmlns:marc="http://www.loc.gov/MARC21/slim">
   <marc:leader>00000nam a2200000 a 4500</marc:leader>
   <marc:datafield ind1="1" ind2=" " tag="100">
      <marc:subfield code="a">Scheffler, Axel [Ill.]</marc:subfield>
      <marc:subfield code="4">aut</marc:subfield>
      <marc:subfield code="e">Verfasser/-in</marc:subfield>
   </marc:datafield>
   <marc:datafield ind1=" " ind2=" " tag="653">
      <marc:subfield code="a">Bilderbuch</marc:subfield>
   </marc:datafield>
   <marc:datafield ind1=" " ind2=" " tag="653">
      <marc:subfield code="a">Weltreise</marc:subfield>
   </marc:datafield>
   <marc:datafield ind1=" " ind2=" " tag="653">
      <marc:subfield code="a">Lebensrettung</marc:subfield>
   </marc:datafield>
   <marc:datafield ind1=" " ind2=" " tag="653">
      <marc:subfield code="a">Buckelwal</marc:subfield>
   </marc:datafield>
   <marc:datafield ind1=" " ind2=" " tag="653">
      <marc:subfield code="a">Lebensgefahr</marc:subfield>
   </marc:datafield>
   <marc:datafield ind1=" " ind2=" " tag="653">
      <marc:subfield code="a">Wasserschnecken</marc:subfield>
   </marc:datafield>
   <marc:datafield ind1=" " ind2=" " tag="653">
      <marc:subfield code="a">Wasserschnecken / Buckelwal / Weltreise / Bilderbuch</marc:subfield>
   </marc:datafield>
   <marc:datafield ind1=" " ind2=" " tag="653">
      <marc:subfield code="a">Buckelwal / Lebensgefahr / Wasserschnecken / Lebensrettung / Bilderbuch</marc:subfield>
   </marc:datafield>
   <marc:datafield ind1=" " ind2=" " tag="653">
      <marc:subfield code="a">Bilderbuch / Wasserschnecken / Buckelwal / Weltreise</marc:subfield>
   </marc:datafield>
   <marc:datafield ind1=" " ind2=" " tag="653">
      <marc:subfield code="a">Buckelwal / Wasserschnecken / Weltreise / Bilderbuch</marc:subfield>
   </marc:datafield>
   <marc:datafield ind1=" " ind2=" " tag="653">
      <marc:subfield code="a">Weltreise / Wasserschnecken / Buckelwal / Bilderbuch</marc:subfield>
   </marc:datafield>
   <marc:datafield ind1=" " ind2=" " tag="653">
      <marc:subfield code="a">Bilderbuch / Buckelwal / Lebensgefahr / Wasserschnecken / Lebensrettung</marc:subfield>
   </marc:datafield>
   <marc:datafield ind1=" " ind2=" " tag="653">
      <marc:subfield code="a">Lebensgefahr / Buckelwal / Wasserschnecken / Lebensrettung / Bilderbuch</marc:subfield>
   </marc:datafield>
   <marc:datafield ind1=" " ind2=" " tag="653">
      <marc:subfield code="a">Lebensrettung / Buckelwal / Lebensgefahr / Wasserschnecken / Bilderbuch</marc:subfield>
   </marc:datafield>
   <marc:datafield ind1=" " ind2=" " tag="653">
      <marc:subfield code="a">Wasserschnecken / Buckelwal / Lebensgefahr / Lebensrettung / Bilderbuch</marc:subfield>
   </marc:datafield>
   <marc:datafield ind1="0" ind2="0" tag="245">
      <marc:subfield code="a">Die Schnecke und der Buckelwal</marc:subfield>
   </marc:datafield>
   <marc:datafield ind1=" " ind2="1" tag="264">
      <marc:subfield code="b">Beltz &amp; Gelberg</marc:subfield>
      <marc:subfield code="c">2003</marc:subfield>
   </marc:datafield>
   <marc:datafield ind1="1" ind2=" " tag="520">
      <marc:subfield code="a">Die abenteuerliche Reise einer neugierigen Schnecke und eines Wals, der ihr die Wunder dieser Welt zeigt. Doch die Welt steckt auch voller Gefahren, wie man weiß, und da ist es nur gut, wenn man einen Freund hat, der einen in höchster Not rettet. Auch wenn der so klein ist wie eine Seeschnecke ... Ein neues hinreißendes, in Reimen erzähltes Bilderbuch von Julia Donaldson mit unvergesslichen Bildern von Axel Scheffler, "einem der ganz großen unter den Kinderbuchillustratoren" Die Rheinpfalz 
Die kleine Seeschnecke will in die Welt hinaus. Ein Buckelwal, groß wie ein Schiff, nimmt sie gern auf seiner Flosse mit. Er zeigt ihr das Meer und die Berge, ferne Länder mit Feuerbergen und Strände mit goldenem Sand. Die Schnecke staunt über die Welt und ihre Wunder ... und fühlt sich furchtbar klein. Doch eines Tages passiert es: Der Buckelwal verirrt sich und strandet. Und die kleine Schnecke weiß, wenn sie nicht hilft, dann wird es fürchterlich. Da sie schlau ist, wird alles gut. Und sie kann den anderen von ihrer Heldentat berichten, wie sie das Leben des Buckelwals mit ihrer silbrigen Schneckenspur gerettet hat! 

</marc:subfield>
   </marc:datafield>
   <marc:datafield ind1=" " ind2=" " tag="020">
      <marc:subfield code="a">9783407794307</marc:subfield>
      <marc:subfield code="9">9783407794307</marc:subfield>
   </marc:datafield>
</marc:record>
